La mano de obra femenina

La mano de obra femenina es muy explotada por el sector industrial, en donde los capitalistas sacan el máximo provecho, sin consideración de las condiciones de trabajo y de salud en que se desenvuelven esas trabajadoras. Por su parte, las mujeres, con tal de mantener su trabajo, se resigna aceptar l...

Full beskrivning

Sparad:
Bibliografiska uppgifter
Huvudupphovsman: Blanco Méndez, Carmen
Materialtyp: Text
Publicerad: San José: s.e.
Ämnen:
Taggar: Lägg till en tagg
Inga taggar, Lägg till första taggen!

MARC

LEADER 00000 a a2200000 04500
001 13153
003
040
090 |a 000402  
100 |a Blanco Méndez, Carmen  
245 |a La mano de obra femenina  
260 |a San José:   |b s.e.  
300 |a 5 p  
520 |a La mano de obra femenina es muy explotada por el sector industrial, en donde los capitalistas sacan el máximo provecho, sin consideración de las condiciones de trabajo y de salud en que se desenvuelven esas trabajadoras. Por su parte, las mujeres, con tal de mantener su trabajo, se resigna aceptar las condiciones que le impongan, sin considerar las consecuencias que ello le puede acarrear. A lo anterior se suma la falta de educación sindical a la mujer para que pueda incorporarse a la organización laboral y así defender sus derechos, a la par de los demás miembros de la clase trabajadora. EML/mb  
650 |a TRABAJADORAS  
650 |a ROL DE LA MUJER  
650 |a SALARIO MINIMO  
650 |a DESEMPLEO  
650 |a SECTOR INDUSTRIAL  
650 |a CONDICIONES DE TRABAJO  
650 |a EDUCACION SINDICAL  
999 |c 17257  |d 17257